<?xml version="1.0" encoding="UTF-8"?>
<record
    xmlns:xsi="http://www.w3.org/2001/XMLSchema-instance"
    xsi:schemaLocation="http://www.loc.gov/MARC21/slim http://www.loc.gov/standards/marcxml/schema/MARC21slim.xsd"
    xmlns="http://www.loc.gov/MARC21/slim">

  <leader>01630nab a22002657a 4500</leader>
  <datafield tag="999" ind1=" " ind2=" ">
    <subfield code="c">5326</subfield>
    <subfield code="d">5326</subfield>
  </datafield>
  <controlfield tag="003">OSt</controlfield>
  <controlfield tag="005">20250220115540.0</controlfield>
  <controlfield tag="008">190605e        xxu||||| |||| 00| 0 spa d</controlfield>
  <datafield tag="040" ind1=" " ind2=" ">
    <subfield code="c">PJ</subfield>
  </datafield>
  <datafield tag="100" ind1=" " ind2=" ">
    <subfield code="9">6373</subfield>
    <subfield code="a">Forconi, Ignacio</subfield>
  </datafield>
  <datafield tag="245" ind1="1" ind2="3">
    <subfield code="a">Alianzas estrat&#xE9;gicas en seguridad y salud laboral. Un enfoque integral para la prevenci&#xF3;n  y bienestar en el trabajo /</subfield>
    <subfield code="c">Ignacio Forconi, Victoria Garc&#xED;a Huidobro.</subfield>
  </datafield>
  <datafield tag="260" ind1=" " ind2=" ">
    <subfield code="a">Ciudad Aut&#xF3;noma de Buenos Aires :</subfield>
    <subfield code="b">Thomson Reuters La Ley,</subfield>
    <subfield code="c">2025.</subfield>
  </datafield>
  <datafield tag="300" ind1=" " ind2=" ">
    <subfield code="a">p. 156-175</subfield>
  </datafield>
  <datafield tag="500" ind1=" " ind2=" ">
    <subfield code="a">Cita Online: AR/DOC/3133/2024.</subfield>
  </datafield>
  <datafield tag="505" ind1=" " ind2=" ">
    <subfield code="a">Sumario: I. Introducci&#xF3;n.&#x2014; II. Vulnerabilidad de los trabajadores y de los usuarios y consumidores. An&#xE1;lisis comparativo de los arts. 20 de la ley 20.744 y 53 de la ley 24.240.&#x2014; III. Reflexiones sobre los alcances del beneficio de justicia gratuita y el principio de gratuidad.&#x2014; IV. Desaf&#xED;os en el acceso a la justicia: El fallo "Cantos" de la Corte Interamericana de Derechos Humanos y la postura de la Corte Suprema de Justicia de la Naci&#xF3;n.&#x2014; V. Conclusi&#xF3;n.
</subfield>
  </datafield>
  <datafield tag="505" ind1=" " ind2=" ">
    <subfield code="t">&#xBF;Te interesa el texto completo? Solicitalo al correo: koha@justierradelfuego.gov.ar
</subfield>
  </datafield>
  <datafield tag="650" ind1=" " ind2="0">
    <subfield code="9">1316</subfield>
    <subfield code="a">DERECHO LABORAL</subfield>
  </datafield>
  <datafield tag="650" ind1=" " ind2="0">
    <subfield code="9">1430</subfield>
    <subfield code="a">RIESGOS DEL TRABAJO</subfield>
  </datafield>
  <datafield tag="650" ind1=" " ind2="0">
    <subfield code="9">5144</subfield>
    <subfield code="a">ASEGURADOR POR RIESGOS DEL TRABAJO</subfield>
  </datafield>
  <datafield tag="650" ind1=" " ind2="0">
    <subfield code="9">6375</subfield>
    <subfield code="a">HIGIENE Y SEGURIDAD EN EL TRABAJO</subfield>
  </datafield>
  <datafield tag="650" ind1=" " ind2="0">
    <subfield code="9">4925</subfield>
    <subfield code="a">ORGANIZACION INTERNACIONAL DEL TRABAJO</subfield>
  </datafield>
  <datafield tag="700" ind1=" " ind2=" ">
    <subfield code="9">6374</subfield>
    <subfield code="a">Garc&#xED;a Huidobro, Victoria</subfield>
    <subfield code="e">coautor</subfield>
  </datafield>
  <datafield tag="773" ind1="0" ind2=" ">
    <subfield code="0">2711</subfield>
    <subfield code="9">3168</subfield>
    <subfield code="d">Ciudad Aut&#xF3;noma de Buenos Aires : Thomson Reuters La Ley, 1999-2002.</subfield>
    <subfield code="t">Revista de derecho del trabajo. N&#xBA; 1 - Enero 2025</subfield>
  </datafield>
  <datafield tag="942" ind1=" " ind2=" ">
    <subfield code="2">udc</subfield>
    <subfield code="c">ANA</subfield>
  </datafield>
</record>
